00855nam a22002537a 4500003000900000005001700009007000300026008004100029020001800070040002500088082001600113100004300129245005200172260004600224300002000270490002700290500006000317590002700377830003200404910001400436942001400450952012000464999001700584DO-SdBNP20220719112147.0ta110301s2017 xxu 000 0 spa d a9781945846045 aDO-SdBNPbspacBNPHU 4axxxxbP349c aPeña, José Alejandro,97925d1964-10aCaballos y murmullos /cJosé Alejandro Peña aEstados Unidos :bAlmava editores,c2017. a68 p. :c18 cm.1 aGéiser de poesía ; aIncluye datos biográficos del autor en la pagina 2.  aInventariado, 2022/ YL 0pGéiser de poesía982026 aYLockward 2ddccLBS1 00102ddc51708PDaBNPHUbBNPHUcCTd2017-05-04eDespachol0oxxxx P349cp2022-3488r2022-07-19w2022-07-19yLBS1 c52192d52192